|
|
|
|
| LEADER |
00000cam a2200000 a 4500 |
| 001 |
vtls001448139 |
| 003 |
SK-MaSNL |
| 005 |
20260302073256.0 |
| 008 |
240226s2002 xo l drp 000 0 hun |
| 015 |
|
|
|a SNBA2003/10-03501
|
| 020 |
|
|
|a 8008034920
|
| 035 |
|
|
|a SNK000403402
|
| 035 |
|
|
|a urn:nbn:sk:snk-am3iwhb
|
| 035 |
|
|
|a 61B62829-0BA4-4427-BA5E-8DE77D3FB1F0
|
| 035 |
|
|
|a urn:nbn:sk:snk-am00g5wu
|
| 040 |
|
|
|a SNK
|b slo
|c SNK
|e AACR2
|
| 041 |
1 |
|
|a hun
|h slo
|
| 044 |
|
|
|a xo
|c SK
|
| 072 |
|
7 |
|a 34
|x Právo
|2 konspekt
|
| 072 |
|
7 |
|a 366
|x Ochrana spotrebiteľa. Správanie spotrebiteľa
|2 konspekt
|
| 080 |
|
|
|a 34
|2 2011
|
| 080 |
|
|
|a 346.548
|2 2011
|
| 080 |
|
|
|a 366.5
|2 2011
|
| 080 |
|
|
|a (075.3)
|2 2011
|
| 080 |
|
|
|a 366-051
|2 2011
|
| 100 |
1 |
|
|a Krsková, Alexandra,
|d 1942-
|4 aut
|9 93198
|
| 240 |
1 |
0 |
|a Základy práva a ochrana spotrebiteľa
|l Maďarsky
|
| 245 |
1 |
2 |
|a A jog alapjai és a fogyasztói érdekvédelem
|c Alexandra Krsková, Darina Krátka ; fordította Németh István
|
| 250 |
|
|
|a 2. kiadás
|
| 260 |
|
|
|a Bratislava
|b Slovenské pedagogické nakladateľstvo
|c 2002
|
| 300 |
|
|
|a 122 strán
|b tabuľky
|c 23 cm
|
| 500 |
|
|
|a Pravdepodobne preložené zo slovenčiny
|
| 650 |
0 |
7 |
|a právo
|2 SNKPH
|9 976
|
| 650 |
0 |
7 |
|a ochrana spotrebiteľa
|2 SNKPH
|9 2673
|
| 650 |
0 |
7 |
|a spotrebitelia
|2 SNKPH
|9 15048
|
| 655 |
|
7 |
|a učebnice stredných škôl
|2 SNKPH
|9 69323
|
| 700 |
1 |
|
|a Krátka, Darina
|4 aut
|9 12252
|
| 700 |
1 |
|
|a Németh, István
|4 trl
|9 6915
|
| 919 |
|
|
|a 80-08-03492-0
|
| 958 |
|
|
|a OP
|
| 958 |
|
|
|a NS
|
| 958 |
|
|
|a OND
|
| 968 |
|
|
|a Mag
|b SLO
|
| 999 |
|
|
|c 1160194
|d 1162124
|
| 952 |
|
|
|t P60, <03>, [BOOK], {603}
|a SNK
|b SNK
|y PREZ
|7 0
|p 17A0371929
|o snkSC 110492
|i snkKSP 981/2003
|0 0
|1 0
|4 0
|d 2003-01-24
|f 1
|l 0
|r 2025-10-01 00:00:00
|w 2026-02-24
|
| 952 |
|
|
|t P60, <04>, [BOOK], {604}
|a SNK
|b SNK
|y VYP
|7 0
|p 17A0371928
|o snkSC 110492 D1
|i snkKSP 982/2003
|0 0
|1 0
|4 0
|d 2003-01-24
|l 0
|r 2005-01-02 00:00:00
|w 2026-02-24
|